Scottish Premiership Teams 2025/26 - Statistics

General Stats
  • This quiz has been taken 16 times
  • The average score is 9 of 12
Answer Stats
Answer % Correct
Celtic FC
100%
Rangers FC
100%
Dundee FC
93%
Aberdeen FC
86%
Heart of Midlothian FC
86%
Hibernian FC
86%
Dundee United FC
79%
Motherwell FC
64%
St. Mirren FC
64%
Kilmarnock FC
50%
Livingston FC
50%
Falkirk FC
43%
No matching quizzes found
Score Distribution
Percent of People with Each Score
Percentile by Number Answered
Your Score History
You have not taken this quiz